000 00664nam a22002417a 4500
001 52213
003 UA-OsUOA
005 20210109151503.0
007 ta
008 20080204b un ||||| |||| 00| 0 ukr d
040 _aUA-OsUOA
_bukr
_cUA-OsUOA
_dUA-OsUOA
041 _aukr
080 _a82-97
090 _a82-97
_bЗ-33
100 _aЗапорожець С.
245 _aСни-чуда-брати
260 _aТоронто
_c1958
300 _a138 с.
650 7 _a82 Література. Літературознавство
_2UDC
942 _cBK
_2udc
955 _a3
999 _c338312
_d338312